| Tag |
First Indicator |
Second Indicator |
Subfields |
| LEADER |
00000cam a2200000Ia 4500 |
| 001 |
in00002473913 |
| 005 |
20210727074257.0 |
| 006 |
m d |
| 007 |
cr cn||||||||| |
| 008 |
081009s2008 gw sb 000 0 eng d |
| 020 |
|
|
|a 140206764X
|
| 020 |
|
|
|a 9781402067648
|
| 035 |
|
|
|a (OCoLC)261324798
|
| 035 |
|
|
|a (OCoLC)ocn261324798
|
| 035 |
|
|
|a 3068993
|
| 037 |
|
|
|a 978-1-4020-6762-4
|b Springer
|n http://www.springerlink.com
|
| 040 |
|
|
|a GW5XE
|b eng
|c GW5XE
|d YDXCP
|d UtOrBLW
|
| 049 |
|
|
|a TEFA
|
| 050 |
1 |
4 |
|a QH332
|b .C673 2008eb
|
| 082 |
0 |
4 |
|a 174.957
|2 22
|
| 096 |
|
|
|a WB 60 C762 2008
|
| 245 |
0 |
4 |
|a The contingent nature of life :
|b bioethics and limits of human existence /
|c edited by Marcus Düwell, Christoph Rehmann-Sutter and Dietmar Mieth.
|
| 264 |
|
1 |
|a [Berlin] :
|b Springer,
|c [2008]
|
| 264 |
|
4 |
|c ©2008
|
| 300 |
|
|
|a xv, 373 pages ;
|c 25 cm.
|
| 336 |
|
|
|a text
|b txt
|2 rdacontent
|
| 337 |
|
|
|a computer
|b c
|2 rdamedia
|
| 338 |
|
|
|a online resource
|b cr
|2 rdacarrier
|
| 490 |
1 |
|
|a International library of ethics, law, and the new medicine ;
|v v. 39
|
| 500 |
|
|
|a Electronic resource.
|
| 504 |
|
|
|a Includes bibliographical references.
|
| 533 |
|
|
|a Electronic reproduction.
|b New York :
|c Springer,
|d 2008.
|n Mode of access: World Wide Web.
|n System requirements: Web browser.
|n Title from title screen (viewed on Oct. 1, 2008).
|n Access may be restricted to users at subscribing institutions.
|
| 650 |
|
0 |
|a Bioethics
|v Case studies.
|
| 650 |
|
0 |
|a Bioethics
|v Cross-cultural studies.
|
| 650 |
|
0 |
|a Bioethics.
|0 http://id.loc.gov/authorities/subjects/sh85014136
|
| 650 |
|
0 |
|a Contingency (Philosophy)
|0 http://id.loc.gov/authorities/subjects/sh85031559
|
| 650 |
|
0 |
|a Life.
|0 http://id.loc.gov/authorities/subjects/sh85076807
|
| 650 |
|
2 |
|a Bioethics.
|0 https://id.nlm.nih.gov/mesh/D001675
|
| 650 |
|
2 |
|a Life.
|0 https://id.nlm.nih.gov/mesh/D019369
|
| 655 |
|
7 |
|a Electronic books.
|2 local
|
| 700 |
1 |
|
|a Düwell, Marcus,
|d 1962-
|0 http://id.loc.gov/authorities/names/n00086520
|
| 700 |
1 |
|
|a Mieth, Dietmar.
|0 http://id.loc.gov/authorities/names/n50031379
|
| 700 |
1 |
|
|a Rehmann-Sutter, Christoph,
|d 1959-
|0 http://id.loc.gov/authorities/names/n98063966
|
| 710 |
2 |
|
|a SpringerLink (Online service)
|0 http://id.loc.gov/authorities/names/no2005046756
|
| 776 |
1 |
|
|c Original
|z 1402067623
|z 9781402067624
|w (DLC) 2007938399
|w (OCoLC)212327954
|
| 830 |
|
0 |
|a International library of ethics, law, and the new medicine ;
|v v. 39.
|0 http://id.loc.gov/authorities/names/n99279940
|
| 856 |
4 |
0 |
|u http://proxy.library.tamu.edu/login?url=https://dx.doi.org/10.1007/978-1-4020-6764-8
|z Connect to the full text of this electronic book
|t 0
|
| 938 |
|
|
|a YBP Library Services
|b YANK
|n 2914655
|
| 994 |
|
|
|a C0
|b TEF
|
| 999 |
|
|
|a MARS
|
| 999 |
f |
f |
|s b030e263-0ee1-350c-bd8c-fa5fbae15acf
|i d286b550-1789-3ca2-9275-87600fdb11d1
|t 0
|
| 952 |
f |
f |
|a Texas A&M University
|b College Station
|c Electronic Resources
|d Available Online
|t 0
|e QH332 .C673 2008eb
|h Library of Congress classification
|
| 998 |
f |
f |
|a QH332 .C673 2008eb
|t 0
|l Available Online
|